| 000 | 00432nam a2200181Ia 4500 | ||
|---|---|---|---|
| 001 | 2112 | ||
| 005 | 20260306143818.0 | ||
| 008 | 260306t2002||||xx |||||||||||||| ||spa|| | ||
| 041 | _aESP | ||
| 082 |
_a612.82 _bS84 |
||
| 100 |
_aStuss, Donald T. _eAUT |
||
| 245 | 0 | _aPrinciples of frontal lobe function | |
| 260 | _c2002 | ||
| 300 |
_axxi, 616 páginas : _c26 cm. |
||
| 650 | _aGEN | ||
| 654 | _aCPS | ||
| 942 |
_cLIB _dJUS _fJUS _2ddc _n |
||
| 999 |
_c2112 _d2112 |
||